| 000 | 00472nam a2200205Ia 4500 | ||
|---|---|---|---|
| 005 | 20240913125253.0 | ||
| 008 | 240913s9999||||xx |||||||||||||| ||und|| | ||
| 020 | _a0-07-136381-5 | ||
| 041 | _aENGLISH | ||
| 082 | _A621.382 P2 | ||
| 100 | _aCollins,Daniel | ||
| 245 | 0 | _a3G Wireless Networks | |
| 250 | _a1st | ||
| 260 |
_c2002 _bMGH,New |
||
| 500 | _aREFERENCE | ||
| 650 |
_aWireless _bElectronics |
||
| 700 | _a Smith,Clint | ||
| 942 | _cREF | ||
| 999 |
_c245191 _d245191 |
||